Construction adjudication (Record no. 110425)

MARC details
000 -LEADER
fixed length control field 04099cam a22002775a 4500
001 - CONTROL NUMBER
control field 149221
008 - FIXED-LENGTH DATA ELEMENTS--GENERAL INFORMATION
fixed length control field 100205s2004 xxk f 000 0 eng d
020 ## - INTERNATIONAL STANDARD BOOK NUMBER
International Standard Book Number 9781405172066
035 ## - SYSTEM CONTROL NUMBER
System control number (Sirsi) u149221
041 0# - LANGUAGE CODE
Language code of text/sound track or separate title eng
050 04 - LIBRARY OF CONGRESS CALL NUMBER
Classification number 347.4107
100 1# - MAIN ENTRY--PERSONAL NAME
Personal name Riches, John L.
245 00 - TITLE STATEMENT
Title Construction adjudication
Medium [electronic resource]
250 ## - EDITION STATEMENT
Edition statement 2nd ed.
260 ## - PUBLICATION, DISTRIBUTION, ETC.
Place of publication, distribution, etc. [S.l.]
Name of publisher, distributor, etc. Blackwell Publishing
Date of publication, distribution, etc. 2004
300 ## - PHYSICAL DESCRIPTION
Extent eBook
505 2# - FORMATTED CONTENTS NOTE
Formatted contents note What is adjudication? -- The Act: The Overarching Provisions -- Section 104 Construction contracts -- Section 105 Meaning of ?construction operations? -- Section 106 Provisions not applicable to contract with residential occupier -- Section 107 Provisions applicable only to agreements in writing -- Section 114 The Scheme for Construction Contracts -- Section 115 Service of notices, &c -- Section 116 Reckoning periods of time -- Section 117 Crown application -- Section 146 Orders, regulations and directions -- Section 148 Extent -- Section 149 Corresponding provision for Northern Ireland -- Section 150 Commencement -- Section 151 Short title -- The Act: The Adjudication Provisions -- The Act: The Payment Provisions -- Section 109 Entitlement to stage payments -- Section 110 Dates for payment -- Section 111 Notice of intention to withhold payment -- Section 112 Right to suspend performance for non-payment -- -- Section 113 Prohibition of conditional payment provisions -- The Secondary Legislation The Scheme for Construction Contracts (England and Wales) Regulations 1998 -- Notice of intention to seek adjudication -- Powers of the adjudicator -- Adjudicator's decision -- Effects of the decision -- Payment -- Entitlement to and amount of stage payments -- Adjudication Clauses, Rules and Procedures -- The Appointment -- Adjudicators' Agreements -- Jurisdiction, Powers and Duties -- The process -- The Decision -- Enforcement and Appeals Appendix 1 The Housing Grants, Construction and Regeneration Act 1996 Part II -- Appendix 2 The Scheme for Construction Contracts (England and Wales) Regulations 1998 -- Appendix 3 The Construction Contracts (England and Wales) Exclusion Order 1998 -- Appendix 4 The Scheme for Construction Contracts (Scotland) Regulations 1998 -- Appendix 5 The Construction Contracts (Scotland) Exclusion Order 1998 -- Appendix 6 The Construction Contracts (Northern Ireland) Order 1997 -- Appendix 7 Joint Contracts Tribunal 1998 Edition Private With Quantities -- Appendix 9 ICE Conditions of Contract 7th Edition -- Appendix 10 New Engineering and Construction Contract -- Appendix 11 Civil Engineering Contractors -- Appendix 12 GC/Works/1 with Quantities 1998 Condition 59 -- Appendix 13 Technology and Construction Solicitors' Association (TecSA) Adjudication Rules ? 2002 Version 2.0 Procedural Rules for Adjudication -- Appendix 14 Centre for Effective Dispute Resolution (CEDR) Rules for Adjudication -- Appendix 15 Construction Industry Council (CIC) Model Adjudication Procedure 3rd Edition -- Appendix 16 Association of Consulting Engineers Conditions of Engagement -- Appendix 17 Institution of Chemical Engineers Red Book Clause 45
520 ## - SUMMARY, ETC.
Summary, etc. Adjudication has been the main means of settling construction disputes since it was first introduced by the Housing Grants, Construction and Regeneration Act 1996, and a substantial body of case law has now built up. This eBook established itself as the key authority on adjudication when it was first published. It has now been revised to reflect the authors' experience of adjudication in practice and to cover the large number of court decisions. It features useful appendices on adjudication materials.
590 ## - LOCAL NOTE (RLIN)
Local note ka
650 24 - SUBJECT ADDED ENTRY--TOPICAL TERM
Topical term or geographic name entry element HOUSING GRANTS, CONSTRUCTION AND REGENERATION ACT 1996
651 #4 - SUBJECT ADDED ENTRY--GEOGRAPHIC NAME
Geographic name ENGLAND AND WALES
690 ## - LOCAL SUBJECT ADDED ENTRY--TOPICAL TERM (OCLC, RLIN)
Topical term or geographic name as entry element MANAGEMENT-DISPUTE AVOIDANCE, MANAGEMENT AND RESOLUTION-DISPUTE MANAGEMENT AND RESOLUTION-ALTERNATIVE DISPUTE RESOLUTION-ADJUDICATION
700 1# - ADDED ENTRY--PERSONAL NAME
Personal name Dancaster, Christopher
856 48 - ELECTRONIC LOCATION AND ACCESS
Uniform Resource Identifier <a href="https://www.vlebooks.com/">https://www.vlebooks.com/</a>
Public note View on VLEbooks. Logins for members only from [email protected]
942 ## - ADDED ENTRY ELEMENTS (KOHA)
Suppress in OPAC 0
Holdings
Withdrawn status Lost status Source of classification or shelving scheme Damaged status Not for loan Home library Current library Shelving location Date acquired Cost, normal purchase price Total Checkouts Full call number Barcode Date last seen Copy number Cost, replacement price Price effective from Koha item type
    Dewey Decimal Classification     Virtual Virtual Online 05/02/2010 85.34   EBOOK 149221-1001 06/08/2019 1 85.34 06/08/2019 Book